00283nam a2200121Ia 4500008004100000020001800041041000800059082001600067100001600083245001700099250000900116260003600125230717s9999 xx 000 0 und d a0-7121-1055-0 aeng a346.03bPAN aPannett A.J aLaw Of Torts a7ed. aLondonbPitman Publishingc1995